| 000 | 00662nam a2200181Ia 4500 | ||
|---|---|---|---|
| 008 | 151018s9999 xx 000 0 und d | ||
| 082 |
_bRBASDV49799 _a891.433 |
||
| 100 | _aदिनेश चमोला | ||
| 245 | _aश्रेष्ठ बाल कहानियाँ | ||
| 250 | _b1 | ||
| 260 |
_bस्वस्तिक पब्लिकेशन हाउस _c2009 |
||
| 300 | _a368 | ||
| 600 | _aदिनेश चमोला | ||
| 630 | _aश्रेष्ठ बाल कहानियाँ | ||
| 700 | _aदिनेश चमोला | ||
| 730 | _aश्रेष्ठ बाल कहानियाँ | ||
| 942 | _cBOOK | ||
| 999 |
_c1048798 _d1048795 |
||